000
00235nam a2200097Ia 4500
008
240331s9999 xx 000 0 und d
082
_b
REA
100
_a
Bhasin, K. ed
245
0
_a
Readings on poverty politics and development
942
_c
L
999
_c
4393
_d
4393